Noturnos : Sao Paulo /
Сохранить в:
| Главный автор: | |
|---|---|
| Формат: | Неизвестно |
| Язык: | Portuguese |
| Опубликовано: |
Sao Paulo, SP :
Bookmark,
2002.
|
| Редактирование: | 1 edición |
| Предметы: | |
| Метки: |
Добавить метку
Нет меток, Требуется 1-ая метка записи!
|
MARC
| LEADER | 000000000a22000000004500 | ||
|---|---|---|---|
| 001 | 014083 | ||
| 020 | |a 8587811045 | ||
| 041 | 0 | |a por | |
| 082 | 0 | 4 | |a 799.998.16 |b V331n |
| 100 | 1 | |a Vasconcellos, Cássio, |d 1965- | |
| 245 | 1 | 0 | |a Noturnos : |b Sao Paulo / |c Cássio Vasconcellos. |
| 250 | |a 1 edición | ||
| 260 | 1 | |a Sao Paulo, SP : |b Bookmark, |c 2002. | |
| 300 | |a 248 páginas : |b ilustraciones a color, mapas ; |c 18 cm. | ||
| 650 | 4 | |a VASCONCELLOS, CASSIO, 1965- | |
| 650 | 4 | |a EXPOSICIONES | |
| 650 | 4 | |a FOTOGRAFIA NOCTURNA | |
| 500 | |a Colección George Yúdice | ||
| 999 | |c 19982 |d 19982 | ||
| 942 | |c BK |h 799.998.16 V331n |2 z | ||



